El tango /

Durante el proceso inmigratorio de fines del siglo XIX, y principios del SXX, se dieron una serie de cambios que impactaron en la sociedad en su conjunto, como parte de estos cambios surgió un tipo de música "el tango". Una música particular de Buenos Aires y la zona del Río de la Plata....

Descripción completa

Guardado en:
Autor Principal: Saenz, Juan Cruz
Autor Corporativo: Canal Encuentro.
Formato: Deslizar
Publicado: Argentina, 2009
Series:Horizontes. Ciencias Sociales
Materias:
Acceso en línea:https://www.educ.ar/recursos/105891/el-tango
Etiquetas: Agregar Etiqueta
Sin Etiquetas, Sea el primero en etiquetar este registro!
LEADER 01264ngm a22003495g 4500
001 CEM.cems023960
008 130507s2009##################0###0#####d
005 20250717213417.0
245 1 0 |a El tango /  |c Juan Cruz Saenz. 
260 |a Argentina,  |c 2009 
300 |a 28'. 
490 0 |a Horizontes. Ciencias Sociales 
538 |a Soporte: DVD - Grabación DRD 
520 |a Durante el proceso inmigratorio de fines del siglo XIX, y principios del SXX, se dieron una serie de cambios que impactaron en la sociedad en su conjunto, como parte de estos cambios surgió un tipo de música "el tango". Una música particular de Buenos Aires y la zona del Río de la Plata. 
500 |a Consultar en ventanilla. 
100 1 |a Saenz, Juan Cruz 
710 2 |a Canal Encuentro. 
082 3 0 |/ SAE-3 
653 |a CIENCIAS SOCIALES 
653 |a HORIZONTES 
653 |a SOCIEDAD 
653 |a HISTORIA 
653 |a HISTORIA ARGENTINA 
653 |a TANGO 
653 |a MUSICA 
653 |a MUSICA ARGENTINA 
653 |a BUENOS AIRES 
653 |a INMIGRANTES 
653 |a INMIGRACION 
653 |a SERIE DE TELEVISIÓN 
856 |u https://www.educ.ar/recursos/105891/el-tango 
859 |a CEMS  |b BIB. CEMS - Depto. Recursos Didacticos  |h 300  |i SAE-3  |k DRD  |p 2603.15  |t Ej.1